| 000 | 00796pam a2200253 a 4500 | ||
|---|---|---|---|
| 001 | 014765892 | ||
| 003 | Uk | ||
| 005 | 20130206135117.0 | ||
| 008 | 080925s2010 enka b 001 0 eng d | ||
| 020 | _a9780853697626 (pbk.) : | ||
| 020 | _a0853697620 (pbk.) : | ||
| 082 | 0 | 4 |
_a615.1 _222 _bPER |
| 100 | 1 |
_aPerrie, Yvonne. _932457 |
|
| 245 | 1 | 0 |
_aPharmaceutics : _bDrug Delivery and Targeting / _cYvonne Perrie, Thomas Rades. |
| 260 |
_aLondon : _bPharmaceutical Press, _c2010. |
||
| 300 |
_ax, 230 p. : _bill. ; _c24 cm. |
||
| 490 | 0 | _aFasttrack | |
| 500 |
_aFormerly CIP. _5Uk |
||
| 504 | _aIncludes bibliographical references and index. | ||
| 650 | 0 |
_aPharmacy _xExaminations _vStudy guides. _932458 |
|
| 653 |
_bPharmacy _cFebruary2013 |
||
| 700 | 1 |
_aRades, Thomas. _932459 |
|
| 942 |
_2ddc _cBB |
||
| 999 |
_c17248 _d17220 |
||